000 00671nam a2200241Ia 4500
003 OSt
005 20220926025113.0
006 a|||||r|||| 00| 0
007 ta
008 220923b |||||||| |||| 00| 0 eng d
020 _a0198774648
037 _cGeneral Book
040 _aRTL
_cRTL
_beng
041 _2eng
_aeng
082 _aX:57, N6
100 _aClassen Emil-Maria
_9331859
245 0 _aGlobal monetary economics
260 _aOxford
_bOxford University Press
_c1996
300 _axix, 323p. Bibliography p.301-12
_ccm.
650 _aForeign Exchange
942 _hX:57, N6
_cGB
_2CC
999 _c646278
_d646278